The legacy of Quaid i Azam / (Record no. 194027)
[ view plain ]
| 000 -LEADER | |
|---|---|
| fixed length control field | 00578 a2200157 4500 |
| 003 - CONTROL NUMBER IDENTIFIER | |
| control field | Nust |
| 005 - DATE AND TIME OF LATEST TRANSACTION | |
| control field | 20230406091115.0 |
| 040 ## - CATALOGING SOURCE | |
| Transcribing agency | Nust |
| 082 ## - DEWEY DECIMAL CLASSIFICATION NUMBER | |
| Classification number | 954.9042,IQB |
| 100 ## - MAIN ENTRY--PERSONAL NAME | |
| Personal name | Iqbal, Javid |
| 9 (RLIN) | 4619 |
| 245 ## - TITLE STATEMENT | |
| Title | The legacy of Quaid i Azam / |
| Statement of responsibility, etc. | Javid Iqbal |
| 260 ## - PUBLICATION, DISTRIBUTION, ETC. | |
| Place of publication, distribution, etc. | Rawalpindi |
| Name of publisher, distributor, etc. | Ferozoons Ltd |
| Date of publication, distribution, etc. | 1967 |
| 300 ## - PHYSICAL DESCRIPTION | |
| Extent | 99 pages |
| 505 ## - FORMATTED CONTENTS NOTE | |
| Formatted contents note | Introduction (Page-1), Islamic Democracy (Page-19), Islamic Socialism (Page-58), National Consolidation (Page-66), Education (Page-73), Services (Page-76), Foreign Policy (Page-84), Defence (Page-92). |
| 942 ## - ADDED ENTRY ELEMENTS (KOHA) | |
| Source of classification or shelving scheme | |
| Koha item type | Book |
| Call number prefix | 954.9042,IQB |
| Withdrawn status | Lost status | Source of classification or shelving scheme | Damaged status | Not for loan | Permanent Location | Current Location | Shelving location | Date acquired | Full call number | Barcode | Date last seen | Price effective from | Koha item type | Public note |
|---|---|---|---|---|---|---|---|---|---|---|---|---|---|---|
| Military College of Signals (MCS) | Military College of Signals (MCS) | General Stacks | 12/12/2016 | 954.9042,IQB | MCS29565 | 12/08/2016 | 12/12/2016 | Book | Almirah No.75, Shelf No.7 |
